Nuclear explosions by country - Statistics

General Stats
  • This quiz has been taken 67 times
  • The average score is 8 of 20
Answer Stats
Hint Answer % Correct
This country experienced two nuclear explosions, but not as tests Japan
94%
The first ever nuclear explosion, Trinity, took place in this US state New Mexico
85%
The USA has conducted most of its nuclear tests in this state Nevada
79%
The largest ever nuclear explosion called Tsar Bomba took place in this country Russia
64%
The USSR tested its first nuclear bomb, First Lightning, in this country Kazakhstan
58%
Smiling Buddha was the first nuclear explosion carried out by this country India
55%
Seismic reports have shown this country has detonated nuclear bombs on its own soil, but not ones large enough to be H-bombs, as it claims to have done North Korea
51%
This country assembled six nuclear weapons and prepared to test them, but never did and abandoned their nuclear programme South Africa
43%
France has tested nuclear bombs in their Polynesian territories and also this country Algeria
38%
This country has tested nuclear weapons in the huge and largely desolate Chagai District Pakistan
38%
Most of the United Kingdom's nuclear tests including its first, Operation Hurricane, were conducted in this country Australia
36%
This country has tested 45 nuclear bombs in Lop Nur, which used to be a salt lake but dried up after the explosions China
36%
A disputed theory suggests that this country worked with the above country and conducted a nuclear explosion off the Prince Edward Islands Israel
32%
Many nuclear tests have been carried out in this country, including the world's first Hydrogen bomb test called Ivy Mike Marshall Islands
30%
Thanks to a plane accident, an unexploded nuclear bomb still sits off the coast of Tybee Island in this US state Georgia
28%
The USSR also conducted some small underground tests in this country Turkmenistan
19%
More specifically this island region Novaya Zemlya
15%
Until it was beaten by this nuclear explosion at - 2,483 m in this country in 1972 Ukraine
13%
The world's deepest nuclear explosion occurred at - 2,440 m in this country in 1968 Uzbekistan
11%
Other British bombs have been tested in the USA and also this country Kiribati
8%
No matching quizzes found
Score Distribution
Percent of People with Each Score
Percentile by Number Answered
Your Score History
You have not taken this quiz